01270nab a22002417a 4500999001500000003000400015005001700019008004100036040000700077100002800084245011800112260007200230300001200302500003900314505016000353505018700513505008900700650002600789650002400815650003200839773014400871942001301015 c5897d5897OSt20260110001001.0190605e xxu||||| |||| 00| 0 spa d cPJ 96770aAlderete, Manuel 13aEl Estado empleador. ¿Cómo contrata la Administración pública nacional a sus agentes? /cManuel Alderete.  aCiudad Autónoma de Buenos Aires :bThomson Reuters La Ley,c2023. ap. 5-17 aCita: TR LALEY AR/DOC/1975/2023.  aSumario: I. Introducción.— II. El trabajo en sus diversas formas: los distintos mecanismos de contratación del empleo estatal.— III. Conclusión.  aFallo comentado: TTrab. N°1, San Miguel ~ 02/03/2023 ~ Gorosito, Alejandro Alberto c. La Segunda Aseguradora de Riesgos del Trabajo SA s/ accidente de trabajo - acción especial. t¿Te interesa el texto completo? Solicitalo al correo: koha@justierradelfuego.gov.ar 091316aDERECHO LABORAL 09938aEMPLEO PUBLICO 09877aADMINISTRACION PUBLICA0 0271193168dCiudad Autónoma de Buenos Aires : Thomson Reuters La Ley, 1999-2002.tRevista de derecho del trabajo. Nº 5 - Septiembre 2023 2udccANA